Statistics for Быстрое Печатание от А до Я

Click here to take the quiz!

General Stats

  • This quiz has been taken 256 times
  • The average score is 16 of 33

Answer Stats

Ответ% Correct
А
100%
Б
98%
В
97%
Г
97%
Д
94%
Е
91%
Ё
80%
Ж
74%
З
70%
И
67%
Й
58%
К
55%
Л
54%
М
53%
Н
52%
П
49%
О
49%
Р
47%
С
45%
Т
42%
У
38%
Ф
36%
Х
34%
Ц
27%
Ч
20%
Ш
17%
Щ
13%
Ъ
8%
Ы
7%
Ь
6%
Э
6%
Ю
4%
Я
4%

Score Distribution

Percentile by Number Answered

Percent of People with Each Score

Your Score History

You have not taken this quiz